Laporan Projek FSGT (Ijazah Bacelor Sains Perikanan) 1997.

Main Author: Wan Zawawi Wan Hassan
Published: Terengganu: Kolej Universiti Terengganu, 1997.
LEADER 00727cam a2200169 7i4500
001 0000135457
005 20080328090000.0
002 0000000520
090 0 0 |a LP 56 FSGT 1 1997  
100 0 # |a Wan Zawawi Wan Hassan  
235 0 0 |a Kesan hormon MH ke atas penyalinan kulit dan pertumbuhan Udang Harimau, Penaeus monodon (Fabricius)   |c Wan Zawawi Wan Hassan. 
245 0 0 |a Laporan Projek FSGT (Ijazah Bacelor Sains Perikanan) 1997. 
260 # # |a Terengganu:   |b Kolej Universiti Terengganu,   |c 1997. 
300 |a xi, 49 p.:   |b ill.;   |c 30 cm.. 
502 # # |a Kajian kesan hormon MH (Molting Hormone) keatas penyalinan kulit (ekdisis) dan pertumbesaran...[et al.] 
602 # # |a Laporan Projek FSGT 1997 
999 |a 1100024034  |b Book  |c Koleksi Arkib  |e BILIK ARKIB